000 00530nam a2200181Ia 4500
008 090123s9999 xx 000 0 und d
082 _b10587
100 _aभागवत के.पी.
245 _aआई बाप व मुले
250 _a1
260 _bजोशी के.वा.
_c1972
300 _a128
600 _aभागवत के.पी.
630 _aआई बाप व मुले
700 _aभागवत के.पी.
730 _aआई बाप व मुले
942 _cBOOK
999 _c48653
_d48653